Optimalizácia procesov testovania v rámci kooperatívneho riadenia automobilov
Salvato in:
| Autore principale: | |
|---|---|
| Altri autori: | |
| Natura: | Manoscritto Libro |
| Lingua: | slovacco |
| Pubblicazione: |
2025
|
| Soggetti: | |
| Accesso online: | http://is.stuba.sk/zp/portal_zp.pl?podrobnosti=183675 |
| Tags: |
Nessun Tag, puoi essere il primo ad aggiungerne!!
|
MARC
| LEADER | 00000ntm a22000003a 4500 | ||
|---|---|---|---|
| 001 | stuzp105837 | ||
| 003 | SK-STU | ||
| 005 | 20250607211802.6 | ||
| 007 | ta | ||
| 008 | 150427s2015----xo-----f-mn---000-0-slo-d | ||
| 040 | |a STU |b slo | ||
| 041 | 0 | |a slo | |
| 100 | 1 | |a Magula, Michal |u 070400 |4 aut |U FIIT Fakulta informatiky a informačných technológií |T FIIT Ústav počítačového inžinierstva a aplikovanej informatiky |X 110845 |U I400 |Y 672 |7 110845 | |
| 242 | 0 | 1 | |a Optimising testing processes in cooperative car control |y eng |
| 245 | 1 | 0 | |a Optimalizácia procesov testovania v rámci kooperatívneho riadenia automobilov |
| 260 | |c 2025 | ||
| 650 | 4 | |a optimalization |2 eng | |
| 650 | 4 | |a platooning |2 eng | |
| 650 | 4 | |a platform |2 eng | |
| 650 | 4 | |a optimalizácia |2 slo | |
| 650 | 4 | |a platforma |2 slo | |
| 650 | 4 | |a platooning |2 slo | |
| 700 | 1 | |a Bencel, Rastislav |u 070400 |k Z1 |4 ths |U FIIT Fakulta informatiky a informačných technológií |T FIIT Ústav počítačového inžinierstva a aplikovanej informatiky |X 64492 |U I400 |Y 672 |7 64492 | |
| 856 | 4 | |u http://is.stuba.sk/zp/portal_zp.pl?podrobnosti=183675 | |